000 01192nam1a22002411i 4500
001 rc\2362024
005 20260407224504.0
035 _a(NLR Aleph) 006595888
090 _a7195905
_c7195905
100 _a20110829d1977 |||y0rusy50 ca
101 0 _arus
102 _aRU
105 _ay z |||||
200 1 _aТезисы докладов
_e[1]-
_fНауч.-техн. о-во радиотехники, электроники и связи им. А.С. Попова. Новосиб. обл. правл. XX Обл. юбил. науч.-техн. конф., посвящ. Дню радио и 60-летию Великой Октябрьской соц. революции 20-22 апр.
210 _aНовосибирск
_cБ. и.
_d1977
215 _d20
710 0 2 _aНТО радиотехники и электросвязи им. А. С. Попова
_bНовосибирская областная научно-техническая конференция
_cМосква
_d20
_f1977
_9800594
_3RU\NLR\AUTH\8810152776
801 1 _aRU
_bELAR
_2rusmarc
801 0 _aRU
_bNLR
_gpsbo
852 _aNLR
_j77-4/23272
899 _aRuMoRGB
_jБ 77-36/170
899 _aRuMoRGB
_jБ 77-36/168
942 _cBOOK